| 000 | 00983nas a2200313 4500 | ||
|---|---|---|---|
| 001 | BR2010000388 | ||
| 003 | BR-BrBNA | ||
| 005 | 20231205114043.0 | ||
| 007 | ta | ||
| 008 | 230509b bl.|||p| |||| 00| 00por d | ||
| 040 |
_aBR-BrBNA _bpor _cBiblioteca Nacional de Agricultura |
||
| 041 | _a(Pt) | ||
| 072 | _aQ03 | ||
| 100 | 1 | _aLundgren, P.U. | |
| 100 | 1 | _aSilva, J.A. da | |
| 100 | 1 | _aMaciel, J.F. | |
| 100 | 1 | _aFernandes, T.M. | |
| 245 | 1 | _aPerfil da qualidade higiênico-sanitária da carne bovina comercializada em feiras livres e mercados publicos de João Pessoa/PB-Brasil | |
| 650 | _aCARNE | ||
| 650 | _aBOVINO | ||
| 650 | _aREFRIGERAÇÃO | ||
| 650 | _aHIGIENE DE ALIMENTO | ||
| 650 | _aMICROORGANISMO | ||
| 650 | _aSAÚDE PÚBLICA | ||
| 650 | _aSEGURANÇA ALIMENTAR | ||
| 773 | 0 |
_tAlimentos e Nutrição (Brazil) _xISSN 0102-4235 _g(Jan-Mar 2009), v. 20(1) p. 113-119 _wBR2010000388 |
|
| 909 |
_a202311 _bLúcia _c55 _dLúcia Elande |
||
| 942 |
_2AGRIS _n0 _cANA |
||
| 999 |
_c206893 _d206893 |
||